| 000 | 01284cam a22003374a 4500 | ||
|---|---|---|---|
| 001 | 11956559 | ||
| 003 | OSt | ||
| 005 | 20140310182734.0 | ||
| 008 | 000328s2001 nyua 001 0 eng | ||
| 010 | _a 00036661 | ||
| 020 | _a9971513218 | ||
| 040 |
_aDLC _cDLC _dDLC |
||
| 042 | _apcc | ||
| 050 | 0 | 0 |
_aT 58.5 _b.T87 2001 |
| 100 | 1 | _aTurban, Efraim. | |
| 245 | 1 | 0 |
_aIntroduction to information technology / _cEfraim Turban, R. Kelly Rainer, Jr., Richard E. Potter. |
| 260 |
_aNew York : _bJohn Wiley, _c2001. |
||
| 300 |
_a628 p. : _bcol. ill. ; _c27 cm. |
||
| 521 | _aIT | ||
| 562 | _efor circulation. 1 copy available in the collection | ||
| 650 | 0 | _aInformation technology. | |
| 650 | 0 | _aManagement information systems. | |
| 700 | 1 |
_aRainer, R. Kelly _q(Rex Kelly) |
|
| 700 | 1 | _aPotter, Richard E. | |
| 856 | 4 |
_3Table of Contents _uhttp://www.loc.gov/catdir/toc/onix05/00036661.html |
|
| 856 | 4 | 2 |
_3Publisher description _uhttp://www.loc.gov/catdir/enhancements/fy0706/00036661-d.html |
| 906 |
_a7 _bcbc _corignew _d1 _eocip _f20 _gy-gencatlg |
||
| 942 |
_2lcc _cBK _kFOR |
||
| 999 |
_c15490 _d15490 |
||